| 000 | 01547nam a2200349Ia 4500 | ||
|---|---|---|---|
| 001 | ebr10257219 | ||
| 003 | CaPaEBR | ||
| 006 | m u | ||
| 007 | cr cn||||||||| | ||
| 008 | 080404s2008 dcua s 000 0 eng d | ||
| 020 | _z0821373544 | ||
| 020 | _z9780821373545 | ||
| 040 |
_aCaPaEBR _cCaPaEBR |
||
| 035 | _a(OCoLC)313650185 | ||
| 050 | 1 | 4 |
_aHV4173 _b.A67 2008eb |
| 245 | 0 | 0 |
_aApproaches to urban slums _h[electronic resource] : _ba multimedia sourcebook on adaptive and proactive strategies / _cedited by Barjor Mehta & Arish Dastur ; multimedia by Steffen Janus. |
| 260 |
_aWashington, D.C. : _bWorld Bank, _c2008. |
||
| 300 |
_a59 p. : _bcol. ill. |
||
| 490 | 1 | _aWBI learning resources series | |
| 500 | _aAccompanying discs contain the actual sourcebook, while the book is a primer to the sourcebook. The discs have identical content, but one uses PowerPoint and the other uses Flash. | ||
| 533 |
_aElectronic reproduction. _bPalo Alto, Calif. : _cebrary, _d2011. _nAvailable via World Wide Web. _nAccess may be limited to ebrary affiliated libraries. |
||
| 650 | 0 |
_aSlums _zDeveloping countries. |
|
| 650 | 0 |
_aUrban poor _xHousing _zDeveloping countries. |
|
| 655 | 7 |
_aElectronic books. _2local |
|
| 700 | 1 | _aMehta, Barjor. | |
| 700 | 1 | _aDastur, Arish. | |
| 700 | 1 | _aJanus, Steffen. | |
| 710 | 2 | _aWorld Bank. | |
| 710 | 2 | _aebrary, Inc. | |
| 830 | 0 | _aWBI learning resources series. | |
| 856 | 4 | 0 |
_uhttp://site.ebrary.com/lib/rucke/Doc?id=10257219 _zAn electronic book accessible through the World Wide Web; click to view |
| 999 |
_c31740 _d31740 |
||